Οι 7 Συνήθειες των Εξαιρετικά Αποτελεσματικών Άνθρωπων / Δραστικά Μαθήματα Προσωπικής Αλλαγής (Record no. 4539)
[ view plain ]
| 000 -LEADER | |
|---|---|
| fixed length control field | 01762cam a22001934a 4500 |
| 005 - ΗΜΕΡΟΜΗΝΙΑ ΚΑΙ ΩΡΑ ΤΕΛΕΥΤΑΙΑΣ ΕΝΗΜΕΡΩΣΗΣ | |
| Πεδίο ελέγχου | 20250605164148.0 |
| 008 - FIXED-LENGTH DATA ELEMENTS--GENERAL INFORMATION | |
| Πεδίο ελέγχου σταθερού μήκους | 250528s ||||||||||||||||||||||||d |
| 035 ## - SYSTEM CONTROL NUMBER | |
| System control number | 19275 |
| 020 ## - ISBN | |
| ISBN | 960209382 |
| 040 ## - ΠΗΓΗ ΚΑΤΑΛΟΓΟΓΡΑΦΗΣΗΣ | |
| Φορέας πρωτότυπης καταλογογράφησης | MC Athens Campus Library |
| Γλώσσα καταλογογράφησης | Ελληνικά, Μοντέρνα (1453-) |
| Modifying agency | MC Athens Campus Library |
| Κανόνες περιγραφικής καταλογογράφησης | AACR2 |
| 245 1# - ΤΙΤΛΟΣ ΚΑΙ ΔΗΛΩΣΗ ΥΠΕΥΘΥΝΟΤΗΤΑΣ | |
| Τίτλος | Οι 7 Συνήθειες των Εξαιρετικά Αποτελεσματικών Άνθρωπων / Δραστικά Μαθήματα Προσωπικής Αλλαγής |
| 260 ## - PUBLICATION, DISTRIBUTION, ETC. | |
| Name of publisher, distributor, etc. | Κλειδάριθμος, |
| Date of publication, distribution, etc. | 2009 |
| 300 ## - PHYSICAL DESCRIPTION | |
| Extent | 400 |
| 520 ## - SUMMARY, ETC. | |
| Summary, etc. | Μια ολιστική, ολοκληρωμένη, επικεντρωμένη σε αρχές προσέγγιση για την επίλυση προσωπικών και επαγγελματικών προβλημάτων. Παραδείγματα και Αρχές, Εκ των Έσω, Οι Επτά Συνήθειες - Μια Επισκόπηση, Ιδιωτική Νίκη, Να Είστε Επιδραστικός, Ξεκινήστε Έχοντας κατά Νου το Τέρμα, Προτεραιότητα στα Βασικά, Δημόσια Νίκη, Επιδιώξτε το Αμοιβαίο Όφελος, Επιδιώξτε Πρώτα να Κατανοήσετε και Μετά να Γίνετε Κατανοητός, Επιδιώξτε τη Συνεργασία, Ανανέωση, Ακονίστε το Πριόνι, Εκ των Έσω και Πάλι, Τρόποι Αντίληψης που Απορρέουν από Διάφορα Κέντρα, Η Εφαρμογή του 2ου Τεταρτημορίου σε μια Ημέρα στο Γραφείο, Ευρετήριο Προβλημάτων και Ευκαιριών, Ευρετήριο. |
| 700 1# - ΠΡΟΣΘΕΤΗ ΑΝΑΓΡΑΦΗ--ΦΥΣΙΚΟ ΠΡΟΣΩΠΟ | |
| Personal name | Covey Stephen R |
| 9 (RLIN) | 5507 |
| 942 ## - ADDED ENTRY ELEMENTS (KOHA) | |
| Koha item type | Books |
| Τύπος τεκμηρίου | Βιβλιοθήκη | Τρέχουσα τοποθεσία | Barcode | Αριθμός εισαγωγής | Ημερομηνία απόκτησης | Ταξιθετικό σύμβολο | Αριθμός αντιτύπου | Κατάσταση απόσυρσης | Κατάσταση χαμένου | Κατάσταση κατεστραμμένου | Μη δανεισμός | Σύνολο δανεισμών | Ημερομηνία τελευταίας εμφάνισης | Η τιμή ισχύει από |
|---|---|---|---|---|---|---|---|---|---|---|---|---|---|---|
| Books | MC Athens Campus Library | MC Athens Campus Library | 9780000045386 | 5272 | 05/06/2025 | 158 COV | 1 | 05/06/2025 | 05/06/2025 |